000 00523cam a2200157 4500500
005 20260322001731.0
041 _afre
042 _adc
100 1 0 _aWirsching, Andreas
_eauthor
700 1 0 _aPerron, Coline
_eauthor
245 0 0 _aLa Rhénanie aux mains des Alliés
260 _c2023.
500 _a78
786 0 _nL'Histoire - Les Collections | 100 | 3 | 2023-07-06 | p. 83-83 | 2727-6945
856 4 1 _uhttps://shs.cairn.info/magazine-hist-l-hisoire-les-collections-2023-3-page-83?lang=fr&redirect-ssocas=7080
999 _c1717366
_d1717366